000 00603nam a2200217 a 4500
001 0001-2139
003 ELIB.Books
008 190724 2010 eng
020 _a0300055323
092 _a220.6
_bLev
100 _aLevenson, John D.
245 _aThe Death and Resurrection of the Beloved Son
260 _aLondon
_bYale University Press
_c1993
300 _a257
_c23cm
650 _aChild Sacrifie in the Bible
856 _nKBTS Library
_uKBTS Elib
942 _2ddc
_cBK
990 _a2
998 _aEnglishbooks.elf
_ccat
_e2019-07-24
_mcat
_u2020-05-27
999 _c12139
_d12139